Obzor rezuľtatov meždunarodnogo sotrudničestva Ekonomičeskogo universiteta v Bratislave

Prehľad medzinárodnej spolupráce Ekonomickej univerzity v Bratislave. Medzinárodná spolupráca v rámci programu Erasmus - Mundus s európskymi krajinami ako aj s Ruskou federáciou, Kazachstanom, Tatarstanom. Spolupráca v rámci výmenných študijných pobytov študentov. Spolupráca vo vedecko-výskumnej obl...

Descrizione completa

Salvato in:
Dettagli Bibliografici
Autore principale: Strelková, Katarína
Natura: Capitolo di libro
Lingua:russo
Soggetti:
Tags: Aggiungi Tag
Nessun Tag, puoi essere il primo ad aggiungerne!!

MARC

LEADER 00000naa$a2200000$$$4500
001 0152778
005 20240502072724.3
041 0 |a rus 
044 |a SK 
245 1 0 |a Obzor rezuľtatov meždunarodnogo sotrudničestva Ekonomičeskogo universiteta v Bratislave  |c K. Strelková 
520 |a Prehľad medzinárodnej spolupráce Ekonomickej univerzity v Bratislave. Medzinárodná spolupráca v rámci programu Erasmus - Mundus s európskymi krajinami ako aj s Ruskou federáciou, Kazachstanom, Tatarstanom. Spolupráca v rámci výmenných študijných pobytov študentov. Spolupráca vo vedecko-výskumnej oblasti. 
610 2 0 |a vzdelávanie vysokoškolské 
610 2 0 |a spolupráca medzinárodná 
610 2 0 |a univerzity 
610 2 0 |a školy vysoké 
610 2 0 |a programy študijné 
100 1 |a Strelková, Katarína